Imrich Thököly a jeho povstanie
| Titel: | Imrich Thököly a jeho povstanie / Peter Kónya ; mapy: Daniel Gurňák |
|---|---|
| Verfasser: | |
| Ausgabe: | Vydané pre Generálny konzulát Maďarska v Košiciach |
| Veröffentlicht: | Prešov : Vydavatel'stvo Prešovskej univerzity, 2021 |
| Umfang: | 257 Seiten : Illustrationen, Karten |
| Format: | Buch |
| Sprache: | Slowakisch |
| ISBN: | 9788055528243 |
| Hinweise zum Inhalt: |
Buch Bibliographie
Cover Inhaltsverzeichnis |
alg: 54156388 001A $03004:25-01-26 001B $01999:28-03-26 $t12:04:23.000 001D $03004:26-01-26 001U $0utf8 001X $00 002@ $0Aau 002C $aText $btxt $2rdacontent 002D $aohne Hilfsmittel zu benutzen $bn $2rdamedia 002E $aBand $bnc $2rdacarrier 003@ $0541563882 004A $A978-80-555-2824-3 007A $0541563882 $aHEB 007G $0 009P $qapplication/pdf $A2 $3Buch Bibliographie $uhttp://scans.hebis.de/HEBCGI/show.pl?54156388_bib.pdf $mV:DE-603;B:DE-Mb50 009P $qapplication/pdf $A2 $3Cover $uhttp://scans.hebis.de/HEBCGI/show.pl?54156388_cov.pdf $mV:DE-603;B:DE-Mb50 009P $qapplication/pdf $A2 $3Inhaltsverzeichnis $uhttp://scans.hebis.de/HEBCGI/show.pl?54156388_toc.pdf $mV:DE-603;B:DE-Mb50 010@ $aslo 010E $erda 011@ $a2021 013D $RBiograf $RLebenslauf $RBiografik $#Biography $#Biography as a literary form $#Biographies $#Biografie $#Biografía $#biographies $#Biographie $#Biographie $#Biographie $#Biographisches Nachschlagewerk $#Lebensbeschreibung $#Berühmte Persönlichkeit Biografie $#Biografisches Nachschlagewerk $74006804-3 $8Biografie [Tsz] $9085010375 021A $aImrich Thököly a jeho povstanie $hPeter Kónya ; mapy: Daniel Gurňák 028A $BVerfasser $4aut $71052546498 $8Kónya, Peter$Z1966- [Tp3] $9341634514 032@ $aVydané pre Generálny konzulát Maďarska v Košiciach 033A $pPrešov $nVydavatel'stvo Prešovskej univerzity 034D $a257 Seiten 034M $aIllustrationen, Karten 037A $aLiteraturverzeichnis Seite 253-257 044K $#Thökoly, Emmerich $#Thököly, Imre késmárki $#Thököly, Emmerich $#Thököli, Imre $#Thököly, Imrich $#Tököly, Emmerich von $#Tököly, Emerich von $#Tököly, Emeritius $#Tökely, Emerich $#Toekely, Emmerich von $#Tökeli, Emericus $#Töckeli, Emerich $#Töckely, Emerich $#Teckely, Emerich $#Teckely, Emeric $#Tekely, Emericus de $#Teckely, Emmericus $#Tekkely, Emerich $#Tekeli, Emeric de $#Teckli, Emericus $#Teckelii, Michel $#Techeli, E. $7118757156 $8Thököly, Imre$Z1657-1705 [Tp1] $9087097842 044K $RLothringen $RHabsburger $#Habsburger$#Habsburg $#Habsburg $#Haus Österreich $#Casa de Austria $#domus Austriae $#Maison d’Autriche $#Casa d’Austria $#Haus Habsburg $#Haus Habsburg-Lothringen $#Habsburg-Lothringen $#Casa d'Asburgo $#Casa de Habsburgo $#House of Habsburg $#Maison de Habsbourg $#Maison d'Autriche $#Habsburkové $#Habsburg-ház $#Österreich-Lothringen $#Хабзбурзи $#Габсбурги $#Династія Габсбургів $#Хабсбурги $#Οίκος των Αψβούργων $7118544233 $8$PHabsburger$lDynastie : 1200- [Tp1] $908688526X 044K $RÖsterreich-Ungarn $#Ungarn $#Ungarn $#Ungarische Räterepublik $#Königreich Ungarn $#Die @Länder der ungarischen Krone $#Transleithanien $#Magyarország $#Magyar Köztársaság $#Magyar Tanácsköztársaság $#Government of the Hungarian Republic $#Zemalja Ugarske Krune $#VNR $#Ungern $#Ungarische Republik $#Republik Ungarn $#Ungarische Volksrepublik $#Volksrepublik Ungarn $#Magyar Népköztársaság $#Hungary $#Hungarian Republic $#Hongrie $#Vengerskaja Narodnaja Respublika $#Hungarian People's Republic $#HPR Hungarian People's Republic $#République Populaire Hongroise $#Ungarische VR $#Republic of Hungary $#Vengrija $74078541-5 $8Ungarn [Tgz] $9085222712 044K $RÖsterreich $RÖsterreich-Ungarn $RErzherzogtum Österreich $#Österreich $#Österreich $#Österreich Zweite Republik $#Österreich Erste Republik $#Deutschösterreich $#Land Österreich $#Die @im Reichsrat Vertretenen Königreiche und Länder Österreich $#Zisleithanien $#Cisleithanien $#Habsburgermonarchie $#Habsburgerreich $#Ostmark Österreich $#Austrya $#Austrja $#Republik Österreich $#Bundesstaat Österreich $#Staat Deutschösterreich $#Kaisertum Österreich $#Kaiserthum Österreich $#Österreichische Monarchie $#Austria $#Autriche $#Ostmark $74043271-3 $8Österreich [Tgz] $9085120758 044K $ROberschicht $RWeiblicher Adel $RAristokratie $#Nobility $#Noblesse $#Nobiltà $#Nobleza $#Adel $#Adel $#Junker $#Junkertum $#Adliger $#Adeliger $#Adlige $#Uradel $74000464-8 $8Adel [Ts1] $9084991682 044K $RKrieg $#Kuruzzen-Aufstand 1703-1711 $#Kurutzen-Aufstand 1703-1711 $#Ungarischer Aufstand 1703 $#Rakóczy-Aufstand $#Rákóczi-Aufstand $#Kurutzen-Krieg 1703-1711 $#Aufstand von Franz II. Rákóczi $#Freiheitskampf von Franz II. Rákóczi $74120634-4 $8Kuruzen-Aufstand$g1703-1711 [Ts1] $9085386197 045F $a909 $eDDC23BSB 045F/01 $a909 045F/03 $f09032 045F/03 $g4373 045F/03 $g439 045R $aGeschichte 1690-1703 046L $aUngarische Zusammenfassung lok: 54156388 24 exp: 54156388 24 1 #EPN 201B/01 $026-01-26 $t12:56:13.000 201C/01 $025-01-26 201U/01 $0utf8 203@/01 $01332787681 208@/01 $a26-01-26 $bz 209A/01 $a26.00036 $du $f050 $h26 00036 $x00 209C/01 $a26.00036 K $h26 00036 K 209G/01 $a74854664 $x00 220C/01 $akoe 247C/01 $8358050-7 Marburg, Bibliothek des Herder-Instituts Marburg $9102600961
| LEADER | 00000cam a2200000 c 4500 | ||
|---|---|---|---|
| 001 | 541563882 | ||
| 003 | DE-603 | ||
| 005 | 20260328120423.0 | ||
| 007 | tu | ||
| 008 | 260125s2021 xx |||| | u00||u|slo c | ||
| 020 | |a 9788055528243 | ||
| 035 | |a (DE-599)HEB541563882 | ||
| 040 | |a DE-603 |b ger |c DE-603 |d DE-603 |e rda | ||
| 041 | |a slo | ||
| 082 | 0 | 4 | |8 1\u |a 909 |q DE-101 |2 23/BSB |
| 085 | |8 1\u |b 909 | ||
| 085 | |8 1\u |z 1 |s 09032 | ||
| 085 | |8 1\u |z 2 |s 4373 | ||
| 085 | |8 1\u |z 2 |s 439 | ||
| 100 | 1 | |a Kónya, Peter |d 1966- |e Verfasser |4 aut |0 (DE-603)341634514 |0 (DE-588)1052546498 |2 gnd | |
| 245 | 0 | 0 | |a Imrich Thököly a jeho povstanie |c Peter Kónya ; mapy: Daniel Gurňák |
| 250 | |a Vydané pre Generálny konzulát Maďarska v Košiciach | ||
| 264 | 1 | |a Prešov |b Vydavatel'stvo Prešovskej univerzity |c 2021 | |
| 300 | |a 257 Seiten |b Illustrationen, Karten | ||
| 336 | |a Text |b txt |2 rdacontent | ||
| 337 | |a ohne Hilfsmittel zu benutzen |b n |2 rdamedia | ||
| 338 | |a Band |b nc |2 rdacarrier | ||
| 500 | |a Literaturverzeichnis Seite 253-257 | ||
| 546 | |a Ungarische Zusammenfassung | ||
| 600 | 1 | 7 | |a Thököly, Imre |d 1657-1705 |0 (DE-588)118757156 |0 (DE-603)087097842 |2 gnd |
| 600 | 3 | 7 | |a Habsburger |c Dynastie : 1200- |0 (DE-588)118544233 |0 (DE-603)08688526X |2 gnd |
| 648 | 7 | |a Geschichte 1690-1703 |2 gnd | |
| 650 | 7 | |a Adel |0 (DE-588)4000464-8 |0 (DE-603)084991682 |2 gnd | |
| 650 | 7 | |a Kuruzen-Aufstand |g 1703-1711 |0 (DE-588)4120634-4 |0 (DE-603)085386197 |2 gnd | |
| 651 | 7 | |a Ungarn |0 (DE-588)4078541-5 |0 (DE-603)085222712 |2 gnd | |
| 651 | 7 | |a Österreich |0 (DE-588)4043271-3 |0 (DE-603)085120758 |2 gnd | |
| 655 | 7 | |a Biografie |2 gnd-content |0 (DE-588)4006804-3 |0 (DE-603)085010375 | |
| 856 | 4 | 2 | |m V:DE-603;B:DE-Mb50 |q application/pdf |u http://scans.hebis.de/HEBCGI/show.pl?54156388_bib.pdf |3 Buch Bibliographie |
| 856 | 4 | 2 | |m V:DE-603;B:DE-Mb50 |q application/pdf |u http://scans.hebis.de/HEBCGI/show.pl?54156388_cov.pdf |3 Cover |
| 856 | 4 | 2 | |m V:DE-603;B:DE-Mb50 |q application/pdf |u http://scans.hebis.de/HEBCGI/show.pl?54156388_toc.pdf |3 Inhaltsverzeichnis |
| 924 | 0 | |9 Mb 50 |a (DE-603)1332787681 |b DE-Mb50 |c HES |d c |g 26.00036 | |


